| 000 | 00653cam a22002171 4500 | ||
|---|---|---|---|
| 001 | 000402048 | ||
| 003 | AM-YeHGA | ||
| 005 | 20250617132522.0 | ||
| 008 | 720420s1966 nyuab||||b||||000|0|eng|d | ||
| 040 | _aAM-YeHGA | ||
| 041 | 0 | _aeng | |
| 100 | 1 |
_aMurphy, Raymond Edward, _d1898 July 24- |
|
| 245 | 1 | 4 |
_aThe American city : _bAn urban geography / _cRaymond E. Murphy. |
| 260 |
_aNew York : _bMcGraw-Hill Book Co., _c1966. |
||
| 300 |
_aix, 464 p. : _bill., maps. ; _c24 cm. |
||
| 440 | 0 | 0 | _aMcGraw-Hill series in geography |
| 504 | _aIncludes bibliographies. | ||
| 650 | 1 | 4 |
_aUrban geography _zUnited States. |
| 942 |
_2udc _cBK |
||
| 090 | _c153822 | ||
| 999 |
_c152426 _d152426 |
||